000 00696cam a2200253 4500500
005 20260329003745.0
041 _afre
042 _adc
100 1 0 _aLegros, Martin
_eauthor
245 0 0 _aGénéalogie de la “politique post-vérité”
260 _c2017.
500 _a98
690 _aBrexit
690 _aFaux
690 _aMensonge
690 _aPost-truth
690 _aPost-vérité
690 _aSteve Tesich
690 _aTrump
690 _aVérité
690 _aVrai
786 0 _nPhilosophie magazine | 106 | 2 | 2017-02-01 | p. 2-2 | 1951-1787
856 4 1 _uhttps://shs.cairn.info/magazine-philosophie-magazine-2017-2-page-2?lang=fr&redirect-ssocas=7080
999 _c1827409
_d1827409